| 000 | 00648nam a2200193Ia 4500 | ||
|---|---|---|---|
| 003 | GCL | ||
| 008 | 140319s9999 xx 000 0 ara d | ||
| 040 |
_aGCL / _cGCL |
||
| 082 | 0 | 4 |
_a822 _bا ق |
| 100 | 1 | _aجلال العشرى | |
| 245 | 1 | 0 |
_aالقرد الكثيف الشعر (هدية من الاديب عبدالفتاح الجمل) / _cجلال العشرى |
| 700 | 1 | _aاونيل، يوجين | |
| 300 | _a152 ص | ||
| 490 |
_aروائع المسرح العالمى _v0 |
||
| 650 | 0 | 4 | _aالادب الامريكى |
| 650 | 0 | 4 | _aالمسرح الامريكى |
| 650 | 0 | 4 | _aالادب الامريكى المترجم |
| 942 |
_2ddc _cBK |
||
| 999 |
_c38217 _d38217 |
||